Largest countries in each continent - Statistics

General Stats
  • This quiz has been taken 83 times
  • The average score is 24 of 30
Answer Stats
Continent Area Answer % Correct
Asia/Europe 17,098,242 Russia
99%
Europe/Asia 17,098,242 Russia
99%
Asia 9,572,855 China
96%
Asia 3,287,263 India
91%
Africa 2,381,741 Algeria
88%
Oceania 7,692,024 Australia
88%
South America 8,515,767 Brazil
88%
North America 9,984,670 Canada
88%
North America 9,526,468 United States
88%
South America 2,780,400 Argentina
87%
North America 1,964,375 Mexico
87%
Asia 2,724,900 Kazakhstan
85%
Asia 2,149,690 Saudi Arabia
85%
Africa 2,344,858 Democratic Republic of the Congo
84%
Europe 551,695 France
84%
South America 1,141,748 Colombia
82%
South America 1,285,216 Peru
82%
Oceania 268,527 New Zealand
81%
Africa 1,886,068 Sudan
79%
South America 1,098,581 Bolivia
76%
Europe 603,500 Ukraine
76%
Oceania 18,272 Fiji
73%
Oceania 462,840 Papua New Guinea
73%
Europe 505,600 Spain
72%
Africa 1,284,000 Chad
70%
Africa 1,759,540 Libya
70%
North America 112,492 Honduras
69%
Europe 450,295 Sweden
69%
North America 130,370 Nicaragua
64%
Oceania 28,896 Solomon Islands
64%
No matching quizzes found
Score Distribution
Percent of People with Each Score
Percentile by Number Answered
Your Score History
You have not taken this quiz